Možnosti využitia družicových snímok IKONOS pre klasifikáciu vegetačného krytu v horských podmienkach

Bibliographic Details
Main Authors: Sitko, Roman (Author), Scheer, Ľubomír, 1956- (Author)
Format: Article
Language:Slovak
PhysicalDescription:Obr., tab.
ISBN:8022815799
ISSN:0231-5785
Subjects:

MARC

LEADER 00000nab a2200000 a 4500
001 vtls009183667
003 SK-MaSNL
005 20260304164100.0
008 250507c2005 xo |||||||||||000 b|slo
015 |a SNBRA2008/02  |2 snkbucl 
035 |a (uuid)5262500b-d3d8-47df-8697-47e5a5602097 
035 |a urn:nbn:sk:snk-abab2y 
035 |a (urnnbn)urn:nbn:sk:snk:ar-a09nzp 
038 |a SNKBUCL 
040 |a SNKBUCL  |b slo  |c SNKBUCL  |e AACR2 
041 0 |a slo  |b eng 
044 |a xo  |c SK 
080 |a 630*1  |2 1997 
080 |a 528.8/.9  |2 1997 
080 |a 581.5  |2 1997 
100 1 |a Sitko, Roman  |4 aut  |9 543000 
245 1 0 |a Možnosti využitia družicových snímok IKONOS pre klasifikáciu vegetačného krytu v horských podmienkach  |c Roman Sitko, Ľubomír Scheer 
300 |b Obr., tab. 
504 |a Bibliogr. odkazy 
546 |a Res. angl. 
650 0 7 |a vegetačná pokrývka  |2 snkbucl  |9 1317871 
650 0 7 |a diaľkový prieskum Zeme  |2 snkbucl  |9 69086 
650 0 7 |a Ikonos (satelit)  |2 snkbucl  |9 1197133 
650 0 7 |a satelitné snímky  |2 snkbucl  |9 73845 
650 0 7 |a diskriminačná analýza  |2 snkbucl  |9 28357 
700 1 |a Scheer, Ľubomír,  |d 1956-  |4 aut  |9 107209 
773 0 |t Acta Facultatis Forestalis Zvolen. Slovakia. XLVII - 2005  |d Zvolen : Technická univerzita, 2005  |g S. 99-110  |x 0231-5785  |z 8022815799 
850 |a Slovenská národná knižnica 
852 |a Slovenská národná knižnica 
954 |a odborná, vedecká literatúra pôvodná (slovenská)  |2 lita 
958 |a article13 
958 |a OND 
958 |a NB 
958 |a EUIPO 
999 |c 2979613  |d 2981543